تحميل...
Banks in the service of weaker sections
| المؤلف الرئيسي: | |
|---|---|
| التنسيق: | Printed Book |
| اللغة: | Undetermined English |
| منشور في: |
New Delhi
Oxford I B H publishing company
1980
|
| الموضوعات: |
| LEADER | 00646nam a2200205Ia 4500 | ||
|---|---|---|---|
| 008 | 140306s9999 xx 000 0 und d | ||
| 041 | |a eng | ||
| 082 | |a 332 |b OOM/BA | ||
| 100 | |a Dommen, M.A | ||
| 245 | |a Banks in the service of weaker sections | ||
| 260 | |a New Delhi |b Oxford I B H publishing company |c 1980 | ||
| 300 | |a 62 | ||
| 365 | |b Rs.20 | ||
| 650 | |a Financial economics | ||
| 650 | |a Investment | ||
| 650 | |a Money | ||
| 650 | |a Nationatisation | ||
| 942 | |2 ddc |c BK | ||
| 999 | |c 119027 |d 119027 | ||
| 952 | |0 0 |1 0 |2 ddc |4 0 |6 332_000000000000000_OOMBA |7 0 |9 118105 |a KAUHCV |b KAUHCV |d 2004-05-04 |g 20.00 |o 332 OOM/BA |p KAU_HCV-13787 |r 2014-03-22 |w 2014-03-22 |y BK | ||